[Event "Club Championships A Grade"]
[Site "Wellington Chess Club"]
[Date "2020.11.26"]
[Round "9.6"]
[White "Forster, Bill"]
[Black "Stone, Andrew"]
[Result "0-1"]
[WhiteElo "2019"]
[BlackElo "2043"]

{-} 1. d4 Nf6 2. c4 g6 3. Nc3 d5 4. cxd5 Nxd5 5. Bd2 Bg7 6. e4 Nb6 7. Be3 Nc6
8. d5 Na5 9. Nf3 O-O 10. Bd4 c6 11. Bxg7 Kxg7 12. h4 cxd5 13. exd5 h5 14. Qd4+
Kg8 15. Qd2 Nac4 16. Qh6 Qd6 17. Bxc4 Nxc4 18. O-O-O Qf6 19. Ng5 Qg7 20. Qxg7+
Kxg7 21. Rhe1 b5 22. Rxe7 Bf5 23. Rd4 Nd6 24. Nce4 Rac8+ 25. Kd1 Bxe4 26. Rxa7
Bc2+ 27. Kd2 Bf5 28. Ne6+ Bxe6 29. dxe6 Nc4+ 30. Kc3 Kf6 31. e7 Rfe8 32. Rf4+
Ke5 33. g3 f5 34. b3 Nb6+ 35. Kd3 Nd5 36. Rf3 Rc3+ 37. Ke2 Rxf3 38. Kxf3 Rxe7
39. Ra8 Rc7 40. Rb8 b4 41. Rg8 Rc3+ 42. Kg2 Ne7 43. Re8 Kf6 44. Ra8 Rc2 45. a3
bxa3 46. Rxa3 Rb2 47. Ra6+ Kf7 48. Rb6 Nd5 49. Rb7+ Kf6 50. Rb8 Ne3+ 51. Kg1
Rb1+ 52. Kh2 Ng4+ 53. Kg2 Rb2 54. Rb6+ Kg7 55. b4 Rxf2+ 56. Kg1 Rb2 57. b5 Ne3
58. Rb7+ Kh6 59. Re7 Rg2+ 60. Kh1 Rxg3 61. b6 Nd5 62. b7 Rb3 63. Rd7 Nf6 64.
Rf7 Ne4 65. Rc7 Nd6 66. Rc3 Rxb7 0-1

[Event "Club Championships A Grade"]
[Site "Wellington Chess Club"]
[Date "2020.11.26"]
[Round "9.7"]
[White "Pomeroy, Arthur"]
[Black "Wojnar, Jacek"]
[Result "0-1"]
[WhiteElo "2021"]
[BlackElo "2052"]

1. e4 e5 2. Nf3 f5 3. Nxe5 Qf6 4. d4 d6 5. Nc4 fxe4 6. Nc3 Qg6 7. Ne3 c6 8. Be2
Nf6 9. f3 exf3 10. Bxf3 d5 11. Ne2 Bd6 12. c4 dxc4 13. Nxc4 Bb4+ 14. Bd2 Bxd2+
15. Qxd2 O-O 16. O-O Nbd7 17. Ne5 Qe8 18. Nc4 Nb6 19. Nd6 Qe7 20. Nxc8 Raxc8
21. Nc3 Rcd8 22. Rfe1 Qb4 23. Rad1 Nc4 24. Qc2 Nxb2 25. a3 Qb6 26. Rb1 Qxd4+
27. Kh1 Nd3 28. Re2 Nc5 29. Re7 Qd2 30. Qa2+ Qxa2 31. Nxa2 Rfe8 0-1

[Event "Club Championships A Grade"]
[Site "Wellington Chess Club"]
[Date "2020.12.03"]
[Round "10.1"]
[White "Ker, Anthony"]
[Black "Wojnar, Jacek"]
[Result "1-0"]
[WhiteElo "2437"]
[BlackElo "2052"]

1. e4 e5 2. Nf3 d6 3. d4 exd4 4. Nxd4 g6 5. Nc3 Bg7 6. Be3 Nf6 7. Qd2 O-O 8.
O-O-O Nc6 9. Bh6 Bxh6 10. Qxh6 Ng4 11. Qd2 Nxd4 12. Qxd4 Qf6 13. f3 Qxd4 14.
Rxd4 Nf6 15. Nb5 Ne8 16. g4 a6 17. Nc3 Be6 18. Be2 Nf6 19. h3 Nd7 20. f4 f5 21.
exf5 gxf5 22. Bf3 Rab8 23. Re1 fxg4 24. hxg4 Rfe8 25. Rxe6 1-0

[Event "Club Championships A Grade"]
[Site "Wellington Chess Club"]
[Date "2020.12.03"]
[Round "10.2"]
[White "Dive, Russell"]
[Black "Stone, Andrew"]
[Result "0-1"]
[WhiteElo "2414"]
[BlackElo "2043"]

1. Nf3 Nf6 2. c4 g6 3. g3 Bg7 4. Bg2 O-O 5. O-O d5 6. cxd5 Nxd5 7. d4 Nb6 8. a4
c6 9. a5 Nc4 10. Qa4 Be6 11. Rd1 Qc8 12. Ng5 Na6 13. Nc3 Nd6 14. Nxe6 Qxe6 15.
e4 Rad8 16. f4 Nb5 17. e5 Nac7 18. Be3 h5 19. Bf2 h4 20. Ne4 hxg3 21. hxg3 Nd5
22. Rac1 Bh6 23. Nc5 Qg4 24. Nxb7 Bxf4 25. Nxd8 Bxc1 26. Nxc6 Nbc3 27. Nxe7+
Kg7 28. Rxc1 Nxa4 29. Nxd5 Nxb2 30. Ne3 Qe2 31. Bf1 Qd2 32. Rc2 Qb4 33. a6 Qb8
34. Rc5 Na4 35. Rb5 Nb6 36. Nc4 Rc8 37. Nd6 Rc1 38. d5 Qd8 39. Kg2 Qg5 40. e6
fxe6 41. dxe6 Qe7 42. Bxb6 Qxd6 43. Bxa7 Qd2+ 44. Bf2 Rc2 45. Rb7+ Kf6 46. Rf7+
Kxe6 47. Rf8 Qd5+ 48. Kg1 Rc1 49. a7 Ra1 50. Rb8 Qf3 51. Rb6+ Kf7 52. Rb4 g5
53. Rb2 Qd1 54. Rb7+ Kg6 55. Rb6+ Kh5 56. g4+ Kxg4 0-1

[Event "Club Championships A Grade"]
[Site "Wellington Chess Club"]
[Date "2020.12.03"]
[Round "10.4"]
[White "Jackson, Ross"]
[Black "Croad, Nicolas"]
[Result "0-1"]
[WhiteElo "2030"]
[BlackElo "2440"]

1. e4 e5 2. Nf3 Nc6 3. Bb5 a6 4. Ba4 Nf6 5. Qe2 b5 6. Bb3 Bc5 7. c3 O-O 8. O-O
d6 9. Rd1 Re8 10. d3 h6 11. Be3 Bxe3 12. fxe3 Bg4 13. Nbd2 Na5 14. Bc2 c5 15.
h3 Bh5 16. g4 Bg6 17. Qf2 c4 18. dxc4 Nxc4 19. Nxc4 bxc4 20. Nd2 Qc7 21. Qe2
Rec8 22. b3 cxb3 23. axb3 Qxc3 24. Bd3 a5 25. Bc4 Qb4 26. Ra4 Qb6 27. Bd3 Rc3
28. b4 d5 29. bxa5 Rxa5 30. Rxa5 Qxa5 31. Nb1 Rb3 32. Qc2 Qb6 33. Qc1 Nxe4 34.
Na3 Rxa3 35. Bxe4 Rxe3 36. Qc8+ Kh7 37. Bxg6+ fxg6 0-1

[Event "Club Championships A Grade"]
[Site "Wellington Chess Club"]
[Date "2020.12.03"]
[Round "10.5"]
[White "Pomeroy, Arthur"]
[Black "Sellen, Ian"]
[Result "1/2-1/2"]
[WhiteElo "2021"]
[BlackElo "2046"]

1. e4 e5 2. Nf3 d6 3. d4 exd4 4. Nxd4 Nf6 5. Nc3 Be7 6. g3 O-O 7. Bg2 a6 8. O-O
c5 9. Nde2 Nc6 10. h3 h6 11. g4 Re8 12. Ng3 Nh7 13. Nd5 Bh4 14. Bf4 Ne5 15. Nf5
Bxf5 16. gxf5 Nf6 17. b3 Rb8 18. Qd2 Nxd5 19. Qxd5 Qb6 20. Rad1 1/2-1/2

[Event "Club Championships A Grade"]
[Site "Wellington Chess Club"]
[Date "2020.12.03"]
[Round "10.7"]
[White "Tanoi, Edward"]
[Black "Rossiter, Philip"]
[Result "1/2-1/2"]
[WhiteElo "1947"]
[BlackElo "1885"]

1. d4 Nf6 2. c4 e6 3. Nc3 Bb4 4. e3 c5 5. Bd3 Nc6 6. Ne2 d6 7. O-O Bxc3 8. bxc3
O-O 9. Ng3 e5 10. d5 Ne7 11. a4 Ng6 12. Bd2 Qe7 13. Qc2 Bd7 14. Qb1 Rab8 15.
Bxg6 hxg6 16. e4 Nh5 17. Nxh5 gxh5 18. f4 exf4 19. Bxf4 Bg4 20. Qc2 g5 21. Bg3
Rbe8 22. h3 h4 23. Bh2 Bh5 24. Rae1 Bg6 25. Qf2 f6 26. Re3 Qd7 27. Rfe1 Rf7 28.
Qe2 Kg7 29. Qg4 Qxg4 30. hxg4 Rd7 31. Kf2 Ree7 32. Kf3 Rd8 33. Rb1 Be8 34. Ra1
Bg6 35. Re2 Kf7 36. Rae1 Kg7 37. Rb2 1/2-1/2

[Event "Club Championships B Grade"]
[Site "Wellington Chess Club"]
[Date "2020.10.01"]
[Round "1.1"]
[White "Laking, Robert"]
[Black "Marney, John"]
[Result "1/2-1/2"]
[WhiteElo "1944"]
[BlackElo "1660"]

1. d4 d5 2. c4 e6 3. Nf3 Nf6 4. Nc3 c5 5. Bg5 cxd4 6. Nxd4 Be7 7. cxd5 Nxd5 8.
Bxe7 Nxe7 9. Ndb5 Na6 10. Qxd8+ Kxd8 11. O-O-O+ Ke8 12. Nd6+ Kf8 13. Nf5 Nc6
14. Nd4 Nxd4 15. Rxd4 Ke7 16. e3 Nc5 17. b4 Nd7 18. Bb5 a6 19. Be2 Nf6 20. Rhd1
Bd7 21. g4 Rhc8 22. Kb2 Bc6 23. b5 axb5 24. Nxb5 Nd5 25. Ra1 g5 26. Nc3 Nxc3
27. Kxc3 Bf3+ 28. Kd2 Bxe2 29. Kxe2 Rc2+ 30. Rd2 Rac8 31. Rb1 R8c7 32. Rb5 h6
33. h4 Kf6 34. hxg5+ hxg5 35. a4 Rxd2+ 36. Kxd2 Rc4 37. a5 Rxg4 38. Rxb7 Ra4
39. Rb5 Ra2+ 40. Ke1 Kg6 1/2-1/2

[Event "Club Championships B Grade"]
[Site "Wellington Chess Club"]
[Date "2020.10.01"]
[Round "1.2"]
[White "Darr, Samuel"]
[Black "Lyall, Gordon"]
[Result "0-1"]
[WhiteElo "1652"]
[BlackElo "1944"]

1. e4 c6 2. d4 d5 3. Nc3 dxe4 4. Nxe4 Nf6 5. Nxf6+ exf6 6. Bc4 Bd6 7. Nf3 O-O
8. O-O Bg4 9. Be2 Nd7 10. c4 Rc8 11. c5 Bb8 12. a3 Re8 13. Be3 Nf8 14. Qb3 Qc7
15. g3 Ng6 16. Rfe1 h5 17. Rac1 Rcd8 18. Rc2 h4 19. Nxh4 Be6 20. Bc4 Nxh4 21.
gxh4 Qxh2+ 22. Kf1 Bxc4+ 23. Rxc4 f5 24. f3 f4 25. Bg1 Qh3+ 26. Kf2 Qg3+ 0-1

[Event "Club Championships B Grade"]
[Site "Wellington Chess Club"]
[Date "2020.10.01"]
[Round "1.3"]
[White "Chen, Wei Kai"]
[Black "Farrington, Lawrence"]
[Result "1-0"]
[WhiteElo "1931"]
[BlackElo "1639"]

1. e4 e6 2. d4 d5 3. Nd2 Nf6 4. e5 Nfd7 5. f4 c5 6. Ngf3 Nc6 7. c3 Be7 8. Bd3
Qb6 9. f5 cxd4 10. fxe6 Ncxe5 11. exd7+ Nxd7 12. Nxd4 Ne5 13. N2f3 Nxf3+ 14.
Qxf3 Be6 15. O-O O-O 16. Rb1 Bf6 17. Be3 Qd8 18. Nxe6 fxe6 19. Qg4 Qe7 20. Rf3
a6 21. Rh3 g6 22. Re1 Rae8 23. Bh6 Bg7 24. Bxg7 Kxg7 25. Ree3 Qc5 26. Rxh7+
Kxh7 27. Qxg6+ Kh8 1-0

[Event "Club Championships B Grade"]
[Site "Wellington Chess Club"]
[Date "2020.10.01"]
[Round "1.4"]
[White "Hurndell, Robert"]
[Black "Hall, Nathan"]
[Result "1/2-1/2"]
[WhiteElo "1623"]
[BlackElo "1871"]

1. e4 e6 2. d4 d5 3. Nd2 Nf6 4. e5 Nfd7 5. c3 c5 6. f4 cxd4 7. cxd4 Nc6 8. Ngf3
Qb6 9. Nb3 a5 10. a4 Bb4+ 11. Kf2 f6 12. Bb5 fxe5 13. fxe5 O-O 14. Kg3 Ndxe5
15. Nxe5 Nxe5 16. dxe5 Qf2+ 17. Kh3 Be7 18. Qg4 h5 19. Qxh5 Rf5 20. Qg4 Rxe5
21. Rf1 Qc2 22. Bh6 g5 23. Qh5 Re3+ 24. Rf3 Rxf3+ 25. gxf3 e5+ 26. Kg3 Bf5 27.
Bxg5 Bd6 28. Qh6 Bg6 29. Bf6 e4+ 30. f4 Bxf4+ 31. Qxf4 Qxb3+ 32. Kh4 Qc2 33.
Rg1 e3 34. Qg3 Kf7 35. Bc3 Qe4+ 36. Qg4 Qe7+ 37. Kg3 Rg8 38. Qf4+ Bf5+ 39. Kf3
Rxg1 40. Qxf5+ Kg8 41. Qc8+ Kf7 42. Qf5+ Kg8 43. Qc8+ {Draw agreed} 1/2-1/2

[Event "Club Championships B Grade"]
[Site "Wellington Chess Club"]
[Date "2020.10.01"]
[Round "1.5"]
[White "He, Caleb"]
[Black "Guthrie, Milo"]
[Result "1-0"]
[WhiteElo "1862"]
[BlackElo "1500"]

1. c4 b6 2. Nf3 Bb7 3. g3 g5 4. Bg2 g4 5. Nh4 Bxg2 6. Nxg2 e6 7. O-O h5 8. d4
h4 9. e4 hxg3 10. fxg3 Nc6 11. Be3 Nf6 12. e5 Nh7 13. Qxg4 Qe7 14. a3 a5 15.
Nc3 O-O-O 16. Qh5 f5 17. exf6 Qe8 18. f7 Qe7 19. Qg6 Qd6 20. Ne4 Qe7 21. Ng5
Nxg5 22. Bxg5 Qd6 23. Bxd8 Qxd4+ 24. Kh1 Kxd8 25. Rad1 Qxb2 26. Qxe6 Kc8 27.
Qe8+ Kb7 28. Rxd7 Qxa3 29. Rfd1 Qxg3 30. Rxc7+ Qxc7 31. Rd7 Rxh2+ 32. Kg1 Bc5+
33. Kf1 Rh1+ 34. Ke2 Nd4+ 35. Kd2 Bb4+ 36. Ke3 Rh3+ 37. Kxd4 Bc5+ 38. Ke4 1-0

[Event "Club Championships B Grade"]
[Site "Wellington Chess Club"]
[Date "2020.10.01"]
[Round "1.6"]
[White "Ibbotson, Matt"]
[Black "Wevers, Alexis"]
[Result "0-1"]
[WhiteElo "1500"]
[BlackElo "1830"]

1. e4 c5 2. Nf3 d6 3. d4 cxd4 4. Nxd4 Nf6 5. Nc3 g6 6. Bb5+ Bd7 7. Qd3 Bg7 8.
O-O O-O 9. Re1 a6 10. Bc4 Nc6 11. Bg5 Ne5 12. Qe2 Qb6 13. Nb3 Rfc8 14. Bxf6
exf6 15. Nd5 Qd8 16. Bd3 b5 17. Nd2 Be6 18. c4 bxc4 19. Nxc4 Nxd3 20. Qxd3 f5
21. Ncb6 fxe4 22. Qd2 Bxd5 23. Nxc8 Be6 24. Nxd6 Rb8 25. Nxe4 Qxd2 26. Nxd2
Rxb2 27. Rad1 Bc3 28. Nc4 Bxc4 29. Re8+ Kg7 30. Rc8 Be2 31. Rc1 Bd2 32. Ra1 a5
33. a4 h5 34. g3 Bf3 35. Rc4 g5 36. h3 Kg6 37. g4 hxg4 38. hxg4 Rb8 39. Ra3
Rb1+ 40. Kh2 Rh1+ 41. Kg3 Bd5 42. Rd4 Bf4+ 43. Rxf4 gxf4+ 44. Kxf4 Rb1 45. Ke5
Be6 46. Rg3 Rb4 47. f4 Kg7 48. f5 Bb3 49. f6+ Kg6 50. g5 Bxa4 51. Ra3 Rg4 52.
Kd6 Kxg5 53. Ke7 Kg6 54. Rc3 Re4+ 55. Kf8 Re8# 0-1

[Event "Club Championships B Grade"]
[Site "Wellington Chess Club"]
[Date "2020.10.01"]
[Round "1.7"]
[White "Robinson, Max"]
[Black "Keay, Matt"]
[Result "1-0"]
[WhiteElo "1808"]
[BlackElo "1500"]

1. d4 d5 2. c4 c6 3. Nf3 Nf6 4. Nc3 Bf5 5. Qb3 b6 6. Bf4 e6 7. cxd5 cxd5 8.
Bxb8 Rxb8 9. e3 Bd6 10. Bb5+ Nd7 11. Qa4 Qc7 12. Rc1 a5 13. O-O Qa7 14. Bc6 Bd3
15. Nb5 Bxb5 16. Bxb5 Ke7 17. Rc6 Rhc8 18. Rfc1 Rxc6 19. Rxc6 Qb7 20. Qc2 Nf6
21. Ng5 Rd8 22. Nxh7 Rh8 23. Nxf6 Bxh2+ 24. Kf1 Kxf6 25. g3 Qb8 26. Qe2 Ke7 27.
Qg4 Rh7 28. Qg5+ Kf8 29. Ba6 f6 30. Qg6 Qa7 31. Rc8+ Ke7 32. Qe8+ Kd6 33. Rc6#
1-0

[Event "Club Championships B Grade"]
[Site "Wellington Chess Club"]
[Date "2020.10.01"]
[Round "1.8"]
[White "Laking, Julian"]
[Black "Brockway, Andrew"]
[Result "0-1"]
[WhiteElo "1500"]
[BlackElo "1803"]

1. e4 c5 2. Nf3 g6 3. Bc4 Nc6 4. d4 cxd4 5. Nxd4 Bg7 6. Nxc6 bxc6 7. Nc3 Nf6 8.
O-O O-O 9. Bg5 d6 10. h3 Qa5 11. Qd2 Qe5 12. Rfe1 Rb8 13. Rab1 Be6 14. Bf1 Qa5
15. b4 Qc7 16. Bf4 Nh5 17. Bh2 Rfd8 18. a3 Qb6 19. Na4 Qd4 20. Qxd4 Bxd4 21. c4
Rdc8 22. Rbd1 Bb6 23. c5 Bc7 24. cxd6 exd6 25. Bxd6 Bb3 26. Ba6 Bxd1 (26...
Bxa4 27. Bxc8 Bxd1) 27. Rxd1 Rd8 28. e5 f6 29. Bc4+ Kg7 30. Nc5 Kh6 31. Ne6
Bxd6 32. Nxd8 Rxd8 33. Rxd6 Re8 34. exf6 Rf8 35. f7 Nf4 36. Rd7 Nd5 37. b5 Nb6
38. bxc6 Nxd7 39. cxd7 Kg7 40. f4 Rd8 41. Kf2 Rxd7 42. g4 Rd4 43. Be6 Rxf4+ 44.
Ke3 Ra4 45. g5 Rxa3+ 46. Kd4 Ra5 47. h4 Ra4+ 48. Ke5 Rxh4 49. Kd6 Kf8 50. Ke5
Rb4 51. Kf6 Rb6 52. Ke5 Rxe6+ 53. Kxe6 a5 0-1

[Event "Club Championships B Grade"]
[Site "Wellington Chess Club"]
[Date "2020.10.01"]
[Round "1.9"]
[White "Ashe, Michael"]
[Black "Loke, Kayden"]
[Result "0-1"]
[WhiteElo "1748"]
[BlackElo "1500"]

1. d4 Nf6 2. c4 e5 3. dxe5 Ng4 4. Bf4 Nc6 5. Nf3 Bb4+ 6. Nbd2 Qe7 7. e3 Ngxe5
8. Nxe5 Nxe5 9. Be2 Qc5 10. Rc1 Ng6 11. Bg3 Qa5 12. a3 Bxd2+ 13. Qxd2 Qxd2+ 14.
Kxd2 d6 15. Bd3 O-O 16. Rhd1 Rd8 17. Ke2 Be6 18. c5 Bb3 19. Rd2 dxc5 20. Bxc7
Rd7 21. Rxc5 Rc8 22. Rc3 Ba4 23. Ba5 Rc6 24. Rxc6 Bxc6 25. Rc2 Ne5 26. Be4 g6
27. Bxc6 Nxc6 28. Bc3 f5 29. f3 Re7 30. b4 a6 31. a4 b5 32. axb5 axb5 33. Bf6
Re6 34. Bc3 Ne7 35. Bd4 Nd5 36. Rc8+ Kf7 37. Bc5 Ra6 38. Rd8 Ra2+ 39. Kd3 Ra3+
40. Kd2 Ra2+ 41. Kd3 Nf6 42. g3 Rxh2 43. Rb8 Rf2 44. Rxb5 Rxf3 45. Rb7+ Ke6 46.
Kd4 Nd7 47. Rc7 Nb8 48. Rxh7 Rxg3 49. Re7+ Kf6 50. Re8 Nc6+ 51. Kd5 Nxb4+ 52.
Bxb4 g5 53. Bc5 Kg6 54. Re6+ Kh5 55. Re8 Rg2 56. Ke5 Kg4 57. Rf8 Rc2 58. Bd4
Ra2 59. Rxf5 Ra5+ 60. Ke4 Rxf5 61. Kd3 Rf3 62. Ke2 Rf8 63. e4 Kf4 64. Be3+ Kg4
65. Kd3 Kh5 66. e5 g4 67. Ke4 Kg6 68. Bf4 Re8 69. Bg3 Kh5 70. Kd5 Rd8+ 71. Ke4
Kg6 72. Bf4 Rf8 73. e6 Kf6 74. Bd6 Rg8 75. e7 Kf7 76. Bg3 Kxe7 77. Kf4 Kd6 78.
Bh4 Kd5 79. Kg3 Ke4 80. Be7 Rg7 81. Bf6 Rg8 82. Be7 Kf5 {white lost on time
0-1} 0-1

[Event "Club Championships B Grade"]
[Site "Wellington Chess Club"]
[Date "2020.10.01"]
[Round "1.10"]
[White "Symon, Christopher"]
[Black "Webster, Jamie"]
[Result "1-0"]
[WhiteElo "1500"]
[BlackElo "1747"]

1. Nf3 d5 2. c4 c6 3. d4 Nf6 4. Nc3 e6 5. Bg5 Nbd7 6. g3 Qa5 7. Bd2 dxc4 8. e4
Bb4 9. Bxc4 O-O 10. O-O e5 11. a3 Bxc3 12. Bxc3 Qc7 13. Re1 Ng4 14. h3 exd4 15.
Qxd4 Ngf6 16. e5 c5 17. Qh4 Qc6 18. Ng5 h6 19. Nxf7 Rxf7 20. exf6 Nxf6 21. Re7
g5 22. Qxh6 Bxh3 23. Bxf7# 1-0

[Event "Club Championships B Grade"]
[Site "Wellington Chess Club"]
[Date "2020.10.01"]
[Round "1.11"]
[White "Stracy, Don"]
[Black "Wang, Cheng Qi(Max)"]
[Result "1-0"]
[WhiteElo "1696"]
[BlackElo "1500"]

1. e4 e6 2. d4 d5 3. Nc3 Bb4 4. exd5 exd5 5. Nf3 Nf6 6. a3 Bxc3+ 7. bxc3 Nc6 8.
Bd3 O-O 9. O-O Be6 10. Re1 Re8 11. Bg5 h6 12. Bh4 g5 13. Bg3 Nh5 14. Ne5 Nxe5
15. Qxh5 Ng4 16. h3 Nf6 17. Qxh6 g4 18. Be5 gxh3 19. Bxf6 Qxf6 20. Qxf6 hxg2
21. Re3 Bd7 22. Rae1 Rxe3 23. Rxe3 1-0

[Event "Club Championships B Grade"]
[Site "Wellington Chess Club"]
[Date "2020.10.01"]
[Round "1.12"]
[White "Langford, Josh"]
[Black "Carroll, Lewis"]
[Result "0-1"]
[WhiteElo "1413"]
[BlackElo "1681"]

1. e4 e5 2. Nf3 Nc6 3. d4 exd4 4. Bc4 Nf6 5. e5 d5 6. Bb5 Nd7 7. Bxc6 bxc6 8.
Nxd4 Nxe5 9. O-O c5 10. Re1 Be7 11. Rxe5 cxd4 12. Qxd4 Be6 13. Re1 O-O 14. Nc3
Bf6 15. Qd3 Rb8 16. b3 d4 17. Ne4 Bf5 18. Nxf6+ Qxf6 19. Qc4 d3 20. Ba3 d2 21.
Red1 Rfe8 22. Rab1 Re4 23. Qf1 Qc3 24. f3 Re6 25. Bc1 Re1 26. Bxd2 Qd4+ 27. Kh1
Rxf1+ 28. Rxf1 Qxd2 0-1

[Event "Club Championships B Grade"]
[Site "Wellington Chess Club"]
[Date "2020.10.01"]
[Round "1.13"]
[White "Dunn, Nikita"]
[Black "Osborne, Geoff"]
[Result "0-1"]
[WhiteElo "1500"]
[BlackElo "1287"]

1. d4 Nf6 2. Nf3 g6 3. c4 Bg7 4. Nc3 d6 5. Bg5 O-O 6. Qd2 Re8 7. O-O-O c6 8. e4
d5 9. cxd5 cxd5 10. e5 Ne4 11. Nxe4 dxe4 12. Nh4 a6 13. Re1 b5 14. Rxe4 Qd5 15.
Bd3 Qxa2 16. Rhe1 Be6 17. Kd1 Ra7 18. Bh6 Rc7 19. Ke2 Rec8 20. Nf3 Bc4 21. Kf1
Bxd3+ 22. Qxd3 Bxh6 23. Nd2 Rc1 24. Nb1 Rxe1+ 25. Rxe1 Qxb2 26. d5 Rc2 27. d6
Rxf2+ 28. Kg1 Rxg2+ 29. Kf1 Qf2# 0-1

[Event "Club Championships B Grade"]
[Site "Wellington Chess Club"]
[Date "2020.10.01"]
[Round "1.14"]
[White "Rudykh, Richard"]
[Black "Rudykh, Dmitry"]
[Result "1/2-1/2"]
[WhiteElo "1500"]
[BlackElo "1500"]

1. e4 e5 2. Nf3 Qf6 3. d3 Bb4+ 4. c3 Ba5 5. Bg5 Qg6 6. d4 exd4 7. h4 h6 8. h5
Qb6 9. Bh4 Qxb2 10. Qb3 Bxc3+ 11. Nxc3 Qxa1+ 12. Nd1 a6 13. Ne5 d5 14. Qxd5 Be6
15. Qxb7 g5 16. Qxa8 Qxa2 17. Bc4 {Some of this is speculative. Draw in 45
moves} 1/2-1/2

[Event "Club Championships B Grade"]
[Site "Wellington Chess Club"]
[Date "2020.10.08"]
[Round "2.1"]
[White "Lyall, Gordon"]
[Black "Stracy, Don"]
[Result "1/2-1/2"]
[WhiteElo "1944"]
[BlackElo "1696"]

1. Nf3 Nf6 2. c4 g6 3. Nc3 Bg7 4. d4 d5 5. b3 O-O 6. e3 b6 7. Bd3 Bb7 8. O-O
Nbd7 9. Ba3 Re8 10. Rc1 e5 11. Be2 Rc8 12. cxd5 Nxd5 13. Nxd5 Bxd5 14. Bb5 Bb7
15. Bc6 Bxc6 16. Rxc6 exd4 17. exd4 Nf6 18. Ne5 Nd5 19. Qf3 Nf6 20. Bb2 Re6 21.
d5 Qxd5 22. Qxd5 Nxd5 23. Rxe6 fxe6 24. f4 c5 25. g3 Nb4 26. a3 Nc6 27. Nxc6
Rxc6 28. Bxg7 Kxg7 29. Rd1 Rc7 30. Kf2 Kf6 31. Kf3 c4 32. b4 c3 33. Rc1 c2 34.
Ke4 Rc3 35. Kd4 Rxa3 36. Rxc2 a5 37. bxa5 bxa5 38. Kc5 a4 39. Re2 Ra1 40. Kb4
a3 41. Kb3 a2 42. Kb2 Rd1 43. Kxa2 Rd5 44. Kb3 e5 45. Kc4 Ke6 46. fxe5 Rxe5 47.
Rf2 Rf5 48. Re2+ Kf6 49. Kd4 Kg5 50. h3 h5 51. Ke4 Kf6 52. Ra2 Re5+ 53. Kf4 g5+
54. Kf3 1/2-1/2

[Event "Club Championships B Grade"]
[Site "Wellington Chess Club"]
[Date "2020.10.08"]
[Round "2.2"]
[White "Carroll, Lewis"]
[Black "Chen, Wei Kai"]
[Result "1-0"]
[WhiteElo "1681"]
[BlackElo "1931"]

1. e4 c6 2. c4 d5 3. cxd5 cxd5 4. exd5 Nf6 5. Nc3 Bf5 6. Bc4 Nbd7 7. d4 Rc8 8.
Qe2 Qc7 9. Nb5 Qb6 10. d6 a6 11. Nc7+ Kd8 12. Bxf7 Qxd6 13. Ne6+ Bxe6 14. Bxe6
Qxd4 15. Nf3 Qe4 16. Ng5 Qxe2+ 17. Kxe2 Kc7 18. Bf4+ Kb6 19. Be3+ Kb5 20. a4+
Ka5 21. b4+ 1-0

[Event "Club Championships B Grade"]
[Site "Wellington Chess Club"]
[Date "2020.10.08"]
[Round "2.3"]
[White "Loke, Kayden"]
[Black "He, Caleb"]
[Result "0-1"]
[WhiteElo "1500"]
[BlackElo "1862"]

1. a3 g6 2. g3 Bg7 3. Bg2 Nf6 4. Nf3 O-O 5. O-O c5 6. c3 Nc6 7. d4 cxd4 8. Nxd4
Qb6 9. Nxc6 dxc6 10. Nd2 Rd8 11. Qb3 Qc7 12. Nf3 e5 13. Bg5 h6 14. Bxf6 Bxf6
15. Rad1 Be6 16. Qc2 Qb6 17. b4 a5 18. Rxd8+ Rxd8 19. Rd1 Rxd1+ 20. Qxd1 c5 21.
Qa4 cxb4 22. axb4 e4 23. Nh4 Bxc3 24. Bxe4 Qxb4 25. Qxb4 Bxb4 26. Bxb7 a4 27.
Nf3 a3 28. Nd4 a2 29. Nc2 Bc3 30. e4 Bb3 31. Bd5 Bxd5 32. exd5 a1=Q+ 33. Nxa1
Bxa1 34. f4 Kf8 35. Kf2 Ke7 36. Ke3 Kd6 37. Ke4 f5+ 38. Kf3 Kxd5 39. g4 Bf6 40.
h3 Kd4 41. Kf2 Bh4+ 42. Kf3 Kd3 43. gxf5 gxf5 44. Kg2 Ke3 45. Kf1 Kxf4 46. Kg2
Ke3 47. Kf1 f4 48. Kg2 f3+ 49. Kf1 f2 50. Kg2 Ke2 51. Kh2 Ke1 52. Kg2 f1=Q+ 53.
Kh2 Qf3 54. Kg1 Bf2+ 55. Kh2 Qg3+ 56. Kh1 Qg1# 0-1

[Event "Club Championships B Grade"]
[Site "Wellington Chess Club"]
[Date "2020.10.08"]
[Round "2.4"]
[White "Wevers, Alexis"]
[Black "Symon, Christopher"]
[Result "0-1"]
[WhiteElo "1830"]
[BlackElo "1500"]

1. e4 c5 2. Nc3 Nc6 3. f4 d6 4. Bb5 g6 5. Nf3 Bg7 6. O-O Nh6 7. d3 O-O 8. Bxc6
bxc6 9. Qe1 e5 10. f5 gxf5 11. Bxh6 Bxh6 12. exf5 Re8 13. Qg3+ Kh8 14. Ne4 Bxf5
15. Nfg5 Bxg5 16. Rxf5 Bf4 17. Qh3 Re6 18. Rh5 Qg8 19. Rf1 Qg6 20. Kh1 Rg8 21.
g3 Bh6 22. Nf6 Rxf6 23. Rxf6 Qxf6 24. Rxh6 Qf3+ 25. Kg1 Qe3+ 26. Kg2 Qd2+ 27.
Kg1 Qc1+ 28. Kf2 Qxc2+ 29. Ke3 Qc1+ 30. Ke2 Qxb2+ 31. Kf3 e4+ 32. Kxe4 Qd4+ 33.
Kf3 Qxd3+ 34. Kf4 Re8 35. Qd7 Qe4+ 36. Kg5 {White lost on time (but was
obviously lost anyway)} 0-1

[Event "Club Championships B Grade"]
[Site "Wellington Chess Club"]
[Date "2020.10.08"]
[Round "2.5"]
[White "Brockway, Andrew"]
[Black "Yu, Johnson"]
[Result "1-0"]
[WhiteElo "1803"]
[BlackElo "1193"]

1. e4 c5 2. Nc3 Nc6 3. Bb5 g6 4. Bxc6 bxc6 5. f4 d5 6. d3 d4 7. Nce2 Nf6 8. h3
Bg7 9. Nf3 O-O 10. O-O h6 11. Qe1 Nh5 12. Ng3 Nf6 13. Ne5 Qc7 14. Nc4 Ne8 15.
f5 e5 16. Bd2 Nd6 17. b3 Bd7 18. f6 Bh8 19. Bxh6 Rfe8 20. Qf2 Re6 21. Bg7 Ne8
22. Bxh8 Kxh8 23. Ne2 Nxf6 24. Qh4+ Nh5 25. Rxf7 Kg8 26. Rf2 Kg7 27. Qg5 1-0

[Event "Club Championships B Grade"]
[Site "Wellington Chess Club"]
[Date "2020.10.08"]
[Round "2.6"]
[White "Osborne, Geoff"]
[Black "Laking, Robert"]
[Result "0-1"]
[WhiteElo "1287"]
[BlackElo "1944"]

1. Nf3 d5 2. g3 c5 3. Bg2 Nc6 4. O-O e5 5. d3 Bg4 6. Nbd2 f5 7. h3 Bh5 8. e4
dxe4 9. dxe4 f4 10. Qe1 g5 11. Nc4 Bg7 12. g4 Bf7 13. b3 Bxc4 14. bxc4 h5 15.
Bb2 hxg4 16. hxg4 Nh6 17. Nh2 Qd7 18. f3 O-O-O 19. Rd1 Qe6 20. Qe2 Na5 21.
Rxd8+ Rxd8 22. Rd1 Rxd1+ 23. Qxd1 Nxc4 24. Bc3 Nf7 25. Nf1 Na3 26. Bb2 Qxa2 27.
Qc1 Nc4 28. Ba1 Nfd6 29. Kf2 Na3 30. Bb2 Ndc4 31. Bxa3 Nxa3 32. Nd2 Qxc2 33.
Qxa3 Qxd2+ 34. Kf1 Qd1+ 35. Kf2 Qd4+ 36. Kf1 c4 37. Qe7 c3 38. Qe8+ Kc7 39.
Qe7+ Kb6 40. Qxg7 Qc4+ 41. Kg1 c2 42. Qf6+ Kb5 43. Qxe5+ Qc5+ 44. Qxc5+ Kxc5
0-1

[Event "Club Championships B Grade"]
[Site "Wellington Chess Club"]
[Date "2020.10.08"]
[Round "2.7"]
[White "Hall, Nathan"]
[Black "Van der Hoorn, Thomas"]
[Result "0-1"]
[WhiteElo "1871"]
[BlackElo "1522"]

1. e4 e5 2. Nf3 Nc6 3. Bc4 Bc5 4. c3 Nf6 5. d4 exd4 6. e5 d5 7. Bb5 Ne4 8. cxd4
Bb4+ 9. Nbd2 O-O 10. O-O Bg4 11. Qa4 Nxd2 12. Nxd2 Bxd2 13. Bxd2 Ne7 14. Bg5 c6
15. Bd3 h6 16. Bd2 Qb6 17. Qb4 Bf5 18. Be2 Ng6 19. Rac1 f6 20. Qxb6 axb6 21.
Bb4 Rfe8 22. Bh5 Nf4 23. Bxe8 Ne2+ 24. Kh1 Nxc1 25. Bxc6 bxc6 26. Rxc1 fxe5 27.
Rxc6 Rxa2 28. h3 Rxb2 29. Rxb6 exd4 30. Bc5 Rxf2 31. Bxd4 Rd2 32. Bc3 Rc2 33.
Bd4 Be4 34. Rb2 Bxg2+ 35. Kh2 Rxb2 36. Bxb2 Be4 37. Kg3 g5 38. h4 Kf7 39. hxg5
hxg5 40. Bd4 Kg6 41. Be3 Kf5 42. Bd4 g4 43. Kf2 Kf4 44. Be3+ Ke5 45. Bb6 d4 46.
Bc7+ Kd5 47. Ke2 Kc4 48. Kd2 Bg2 49. Bg3 d3 50. Be1 Kd4 51. Bh4 Ke4 52. Bg5 Bf1
53. Ke1 Be2 54. Kf2 Kd4 55. Bd2 Kc4 56. Ke1 Kb3 57. Be3 Kc2 0-1

[Event "Club Championships B Grade"]
[Site "Wellington Chess Club"]
[Date "2020.10.08"]
[Round "2.8"]
[White "Dixon, Hamish"]
[Black "Ackroyd, William"]
[Result "0-1"]
[WhiteElo "1679"]
[BlackElo "1439"]

1. e4 c6 2. d4 d5 3. Nc3 dxe4 4. Nxe4 Nf6 5. Nxf6+ exf6 6. Nf3 Bd6 7. Bc4 Qe7+
8. Be3 Bg4 9. h3 Bh5 10. g4 Bg6 11. Qe2 b5 12. Bd3 Bxd3 13. Qxd3 O-O 14. O-O-O
Na6 15. c3 Qb7 16. a3 c5 17. dxc5 Bxc5 18. Nd4 Nc7 19. Qf5 Bxd4 20. Bxd4 Ne6
21. Rhg1 a5 22. Rg3 b4 23. cxb4 axb4 24. Rdd3 Qh1+ 25. Kd2 Rac8 26. Bc3 bxc3+
27. Rxc3 Rfd8+ 0-1